Tablice rejestracyjne woj. śląskie - Statystyki

Ogólne statystyki
  • Ten quiz został rozwiązany 87 razy
  • Średni wynik to 23 z 37
Statystyki odpowiedzi
% Poprawnych
SK Katowice
95%
SB Bielsko-Biała
88%
SY Bytom
86%
SH Chorzów
86%
SG Gliwice
86%
SO Sosnowiec
86%
SC Częstochowa
84%
SD Dąbrowa Górnicza
80%
SZ Zabrze
80%
SJ Jaworzno
79%
SJZ Jastrzębie-Zdrój
77%
SM Mysłowice
77%
SR Rybnik
75%
ST Tychy
75%
SL Ruda Śląska
66%
SZO Żory
66%
SPI Piekary Śląskie
64%
SW Świętochłowice
57%
SI Siemianowice Śląskie
54%
SBI powiat bielski
52%
SBE powiat będziński
50%
SCI powiat cieszyński
50%
SWD powiat wodzisławski
48%
SWZ powiat wodzisławski
48%
SCZ powiat częstochowski
46%
SGL powiat gliwicki
46%
SMI powiat mikołowski
46%
SRC powiat raciborski
46%
SRB powiat rybnicki
46%
SPS powiat pszczyński
45%
SZY powiat żywiecki
45%
SKL powiat kłobucki
43%
STA powiat tarnogórski
43%
SLU powiat lubliniecki
41%
SMY powiat myszkowski
41%
SZA powiat zawierciański
41%
SBL powiat bieruńsko-lędziński
38%
Nie znaleziono quizów pasujących do podanych kryteriów
Rozkład punktacji
Procent ludzi z każdym wynikiem
Percentyl według liczby udzielonych odpowiedzi
Twoja historia wyników
Nie rozwiązałeś tego quizu